| 000 | 00717nam a2200205 a 4500 | ||
|---|---|---|---|
| 001 | 000040552 | ||
| 005 | 20201002034217.0 | ||
| 008 | 130830s2012 sp r 000 0 spa d | ||
| 020 | _a9788469521267 | ||
| 040 |
_aDO-SdBNP _bspa _cBNPHU |
||
| 082 |
_axxxx _bxxxx |
||
| 100 | 1 |
_aVázquez Serrano, Carmen _966872 |
|
| 245 | 1 | 0 |
_aActuaciones en las alteraciones del sueño de los niños / _cCarmen Vázquez Serrano, Francisca socorro López López, Camen Ríos Paredes. |
| 260 |
_aMadrid : _bGráfica Alhambra, _c2012. |
||
| 300 |
_a87 p. ; _c22 cm. |
||
| 504 | _aBibliografía : p. 87 | ||
| 590 | _aInventariado, 2019/BT | ||
| 700 | 1 |
_aLópez López, Francisca socorro _966875 |
|
| 700 | 1 |
_aRíos Paredes, Carmen _966874 |
|
| 999 |
_c40042 _d40042 |
||